[Event "Werner-Ott-Open Kreuzberger Sommer 2017"]
[Site "Berlin"]
[Date "2017.07.23"]
[Round "9.19"]
[White "Matitschka, Johannes"]
[Black "Jaeger, Andre"]
[Result "1/2-1/2"]
[WhiteElo "1630"]
[BlackElo "1999"]
[PlyCount "116"]
[EventDate "2017.07.15"]
[EventType "swiss"]
[EventRounds "9"]
[EventCountry "GER"]
[SourceTitle "WOOKS 2017"]
[Source "SC Kreuzberg"]
[SourceDate "2017.07.23"]
[SourceVersion "1"]
[SourceVersionDate "2017.07.15"]
[SourceQuality "1"]
[WhiteTeam "TSG Oberschoeneweide"]
[BlackTeam "SC Rochade"]
[WhiteTeamCountry "GER"]
[BlackTeamCountry "GER"]

1. e4 c5 2. Nf3 Nc6 3. d3 g6 4. g3 Bg7 5. Bg2 Nf6 6. Nbd2 d5 7. O-O O-O 8. Re1
e5 9. exd5 Nxd5 10. Nc4 f6 11. Bd2 Be6 12. Ne3 Nb6 13. Qc1 Qd7 14. Nd1 Rac8 15.
Bh6 Bxh6 16. Qxh6 Nb4 17. Qd2 Rfd8 18. a3 Nc6 19. Nc3 Kg7 20. Rad1 Bg4 21. h3
Bxh3 22. Ne4 Bxg2 23. Kxg2 Nd4 24. Rh1 h5 25. Nxf6 Nxf3 26. Nxd7 Nxd2 27. Nxb6
axb6 28. Rxd2 e4 29. Rhd1 exd3 30. Rxd3 Rxd3 31. Rxd3 Rc7 32. Rd6 Rc6 33. Rd7+
Kf6 34. Rxb7 Ke5 35. Re7+ Kf6 36. Re3 Rd6 37. Rd3 Rxd3 38. cxd3 Ke5 39. Kf3 Kd4
40. Ke2 c4 41. dxc4 Kxc4 42. Ke3 Kb3 43. Kf4 Kxb2 44. Kg5 Kxa3 45. Kxg6 b5 46.
Kxh5 b4 47. f4 b3 48. f5 b2 49. g4 b1=Q 50. Kg6 Qe4 51. g5 Kb4 52. Kf6 Qc6+ 53.
Kg7 Qd7+ 54. Kg6 Qe8+ 55. Kg7 Qe7+ 56. Kg6 Qe8+ 57. Kg7 Qe7+ 58. Kg6 Qe8+
1/2-1/2

[Event "Werner-Ott-Open Kreuzberger Sommer 2017"]
[Site "Berlin"]
[Date "2017.07.23"]
[Round "9.20"]
[White "Ziems, Michael"]
[Black "Krueger, Robin Kevin"]
[Result "1/2-1/2"]
[WhiteElo "1818"]
[BlackElo "1913"]
[PlyCount "41"]
[EventDate "2017.07.15"]
[EventType "swiss"]
[EventRounds "9"]
[EventCountry "GER"]
[SourceTitle "WOOKS 2017"]
[Source "SC Kreuzberg"]
[SourceDate "2017.07.23"]
[SourceVersion "1"]
[SourceVersionDate "2017.07.15"]
[SourceQuality "1"]
[WhiteTeam "SV Empor Berlin"]
[BlackTeam "MTV Tostedt"]
[WhiteTeamCountry "GER"]
[BlackTeamCountry "GER"]

1. d4 d5 2. c4 e6 3. Nc3 c5 4. e3 Nc6 5. Nf3 Nf6 6. cxd5 exd5 7. Be2 c4 8. O-O
Bb4 9. Ne5 O-O 10. f4 Bxc3 11. bxc3 Qa5 12. Qc2 Re8 13. Bf3 g6 14. Qb2 Bf5 15.
Bd2 Rab8 16. h3 a6 17. g4 Be4 18. Be2 Qd8 19. Be1 Nd7 20. Bg3 Ncxe5 21. fxe5
1/2-1/2